[Event "Principal 03/04"]
[Site "?"]
[Date "2003.12.13"]
[Round "4"]
[White "Crapon, Laurent"]
[Black "Nguyen, Patrick"]
[Result "0-1"]
[WhiteElo "1780"]
[BlackElo "1860"]
[PlyCount "94"]

1. d4 d5 2. c4 c6 3. Nc3 Nf6 4. Nf3 e6
5. Bg5 dxc4 6. e4 b5 7. d5 $146 ({Fritz donne comme meilleure suite :} 7. e5
7... h6 8. Bh4 g5 9. Nxg5 hxg5 10. Bxg5 Be7 11. Bxf6 Bxf6 12. exf6 12... Qxf6
$14) 7... b4 (7... exd5 8. exd5 Bb4 9. dxc6 Qxd1+ (9... Nxc6 $143 10. Qxd8+
Nxd8 11. Bxf6 gxf6 12. a4 $11) 10. Rxd1 Nxc6 11. Bxf6 11... gxf6 $17) 8. Bxf6 {
8.dxe6!? doit etre considere Bxe6 9.Qxd8+ Kxd8 10.Ne2 =} 8... gxf6 (8... Qxf6
$5 9. Na4 Qf4 10. Qe2 cxd5 11. exd5 Bd7 12. dxe6 Bxa4 13. exf7+ Kd8 14. Qxc4
Bd6 15. Qxf4 Bxf4 16. Bc4 16... Nd7 $17) 9. Ne2 {9.dxe6!? bxc3 10.exf7+ Ke7
11.Qxd8+ Kxd8 12.bxc3 Be6 -/+ et les Noirs ont une piece pour 2P} 9... cxd5
$17 10. exd5 Qxd5 11. Qxd5 exd5 12. Nf4 12... Bb7 {
>=12...Be6 13.Rd1 Nd7 14.Nxd5 Rc8 15.Ne3 Rg8 -/+} 13. O-O-O $2 {
>=13.Rd1!? Nd7 14.Nxd5 Rc8 -/+} 13... Bh6 $19 14. g3 Nd7 15. Bh3 O-O-O 16.
Rhe1 Rhe8 17. Kc2 {17.Nd4 Re5 -+} 17... Bxf4 18. gxf4 Kc7 19. Bf5 h6 20. Nd4
a6 21. Rg1 Rg8 22. Rde1 Kd6 23. Bh7 (23. Rxg8 Rxg8 24. Bh3 Kc5 25. Nf5 Bc6 26.
Re7 d4 27. Nxh6 Rh8 28. Bxd7 Bxd7 29. Rxd7 Rxh6 30. Rc7+ Kd5 31. Rd7+ Ke4 32.
Rc7 Rxh2 33. Rxc4 Rxf2+ 34. Kb3 34... a5 $19) 23... Rxg1 24. Rxg1 Kc5 25. Nf5 {
25.Rd1 est un peu mieux Nb8 26.Bg6 Nc6 27.Nxc6 Bxc6 28.Bxf7 d4 -+} 25... Re8
(25... d4 {semble meme mieux} 26. Ng3 $19 26... d3+ 27. Kb1 Bf3 28. Be4 Bxe4
29. Nxe4+ Kd5 30. f3 30... Re8 $19 {suivi de 31...f5}) 26. Kd2 {
ou 26.Ng3 d4 27.b3 Nf8 -+} 26... d4 27. Nxh6 {
sur 27.Kc1 Re4 28.Nxh6 Rxf4 -+} 27... d3 (27... c3+ $142 {
et les Noirs peuvent se relaxer} 28. Kd1 Rh8 29. bxc3 Bf3+ 30. Kc1 bxc3 31. Bf5
Rxh6 32. Bxd7 32... d3 $19) 28. Ng4 Re2+ 29. Kc1 29... Kd4 {
29...d2+ est plus fort 30.Kc2 Re1 31.Kxd2 Rxg1 -+} 30. h4 Bf3 31. Bf5 {
31.Ne3 ne change rien d2+ 32.Kc2 d1Q+ 33.Kxd1 Rxf2+ 34.Kc1 Kxe3 -+} 31... d2+
32. Kc2 Be4+ (32... b3+ $142 {clarifie la position} 33. axb3 cxb3+ 34. Kxb3 (
34. Kb1 Re1+ 35. Rxe1 dxe1=Q#) (34. Kd1 Rxf2#) 34... Nc5+ 35. Kb4 35... Re1 $19
) 33. Bxe4 Re1 (33... Kxe4 $2 {est tres grave} 34. Kd1 Re1+ 35. Rxe1+ dxe1=R+
36. Kxe1 36... Kxf4 $15) (33... Rxe4 $6 34. Kxd2 Rxf4 35. Ke2 35... Ne5 $17)
34. Kxd2 Rxg1 35. Bf5 Nc5 36. h5 36... Ne4+ {les Noirs preparent l'avance c3}
37. Ke2 Nd6 (37... Rxg4 $142 $5 {semble meme mieux} 38. Bxe4 (38. Bxg4 c3 39.
bxc3+ bxc3 40. Kd1 Nxf2+ 41. Kc2 41... Nxg4 $19) 38... Rxf4 39. Bc6 $19) 38.
Bd7 c3 39. bxc3+ bxc3 40. Ne3 Rh1 41. Nc2+ Kc5 42. Bg4 f5 43. Bf3 Rh4 44. Ne1
Nb5 45. Nd3+ Kd4 46. Nb4 Kc4 47. Nxa6 Nd4+ (47... Nd4+ 48. Kd1 (48. Ke3 Rh3 49.
a4 Rxf3#) 48... Nxf3 $19 {et le mat suit}) 0-1

[Event "Principal 03/04"]
[Site "?"]
[Date "2003.12.13"]
[Round "4"]
[White "Ferrero, Patrick"]
[Black "Girard, Jean-Pierre"]
[Result "1-0"]
[WhiteElo "2014"]
[BlackElo "1998"]
[PlyCount "89"]

1. d4 Nf6 2. Nf3 e6 3. c4 b6
4. a3 Bb7 5. Nc3 Be7 6. Qc2 ({on joue plutot} 6. d5 6... d6 (6... exd5 7. cxd5
O-O 8. e4 Re8 9. Bd3 c6 10. dxc6 dxc6 11. O-O Nfd7 12. Qc2 Nc5 13. Bc4 13...
Nbd7 $14) 7. e4 c6 8. dxe6 fxe6 9. Ng5 Bc8 10. f4 O-O 11. Bd3 e5 12. f5 12...
c5 $11) 6... d6 7. e4 c5 (7... O-O 8. Bd3 Nbd7 9. b4 e5 10. d5 Nh5 11. g3 a5
12. Rb1 Bc8 13. h3 g6 14. Bh6 Re8 15. Kf1 Bf8 16. Be3 Bg7 17. Kg2 Ndf6 18. c5
axb4 19. axb4 bxc5 20. bxc5 Nxe4 21. Nxe4 f5 22. Bg5 {
Cebalo,M-Bachler,R/Graz 1996/EXT 98/1-0 (44)}) 8. d5 {
Les Blancs obtiennent plus d'espace} 8... e5 9. Be2 Nbd7 10. O-O Nf8 11. Ne1
Ng6 12. Nd3 Nd7 13. f4 {#} 13... Bf6 {pendant quelques coups, les deux camps
evitent de jouer leur meilleur coup : f5 pour les Blancs et ...exf4 pour les
Noirs} (13... exf4 14. Nxf4 Bf6 15. Nb5 Qb8 16. Nxg6 hxg6 17. Bf4 17... Ne5 $14
) 14. Nb5 $14 14... Qb8 15. Ra2 {15.f5 Ne7 +/=} 15... a6 {
15...exf4 16.Nxf4 a6 17.Nc3 =} 16. Nc3 16... Qc7 {
16...exf4 17.Nxf4 Bd4+ 18.Kh1 =} 17. Be3 {17.f5 Ne7 +/=} 17... O-O {
17...exf4!? 18.Nxf4 Nxf4 19.Bxf4 0-0 =} 18. f5 $14 {enfin!} 18... Ne7 {
les Noirs n'ont pas voulu echanger du materiel et se retrouvent confines sur
deux rangees} 19. g4 (19. b4 Rfc8 20. Rb1 Rcb8 21. Rab2 $14) 19... h6 $14 20.
Qd2 Qd8 21. Rf3 Nc8 22. Rh3 Bg5 23. Rh5 Bxe3+ 24. Qxe3 Nf6 25. Rh3 Nh7 26. b3
Na7 27. Ne1 Qg5 28. Qxg5 Nxg5 29. Rg3 Nh7 30. Nf3 f6 31. h4 Rab8 32. g5 hxg5
33. hxg5 fxg5 34. Nxg5 Nxg5 35. Rxg5 b5 36. Bh5 Bc8 37. Rh2 bxc4 38. Bg6 Rf6
39. Rgh5 (39. bxc4 $6 {est moins bon} 39... Rb3 40. Ne2 Rb1+ 41. Kf2 41... Rb7
$18) 39... Kf8 $18 40. Rh8+ Ke7 41. R2h7 (41. Re8+ $142 41... Kd7 42. Rg8 Kc7
43. Rxg7+ Kb6 44. bxc4 Ra8 45. Rhh7 $18) 41... Rxg6+ 42. fxg6 Kf6 43. bxc4 Kxg6
(43... Rb3 $142 $5 44. Rg8 Rb7 (44... Rxc3 $2 45. Rhxg7 $18) 45. Rf8+ Kxg6 46.
Rh2 $18 {(/\ Rg2+)}) 44. Rh2 44... Bg4 $4 {
terrible, mais les Noirs ne peuvent sauver la partie} (44... Rb7 {
resiste un peu plus} 45. Rg2+ Kf7 46. Na4 Bd7 47. Rh7 Rb1+ 48. Kh2 Bxa4 49.
Rhxg7+ Kf8 50. Rg8+ Kf7 51. R2g7+ Kf6 52. Rxa7 $18) 45. Rxb8 1-0

[Event "Principal 03/04"]
[Site "?"]
[Date "2004.01.10"]
[Round "5"]
[White "Girard, Jean-Pierre"]
[Black "Pierrugues, Laurent"]
[Result "1/2-1/2"]
[WhiteElo "1976"]
[BlackElo "1890"]
[PlyCount "96"]

1. e4 e6 2. d4 d5 3. Nd2 c5 4.
Ngf3 ({la ligne principale commence par :} 4. exd5 4... exd5 5. Ngf3 Nc6 6. Bb5
Bd6 7. dxc5 Bxc5 8. O-O Nge7 9. Nb3 $14) 4... Nc6 (4... cxd4 $5 {
permet d'eviter le Pd isole} 5. exd5 Qxd5 6. Bc4 Qd6 7. O-O Nf6 8. Nb3 Nc6 9.
Nbxd4 Nxd4 10. Nxd4 10... a6 $11) 5. exd5 exd5 6. Bb5 Bd6 7. O-O Nge7 8. dxc5
Bxc5 9. Nb3 Bd6 10. Re1 O-O 11. Bg5 Bg4 12. Be2 Qc7 13. h3 Bh5 14. Nbd4 {
Un coup bruyant 14.Bxe7 Nxe7 15.Nfd4 Bxe2 Rxe2 =} 14... a6 {
14...Qb6 15.Qd2 Bc5 =} 15. Qd2 Bg6 16. c3 h6 17. Be3 Na5 18. Rad1 Rad8 19.
Bd3 Nc4 20. Qc2 Bxd3 21. Rxd3 21... Rfe8 $11 22. Rdd1 Nxe3 23. Rxe3 Ng6 24.
Rxe8+ Rxe8 25. Nf5 Nf4 26. Qa4 Re2 27. Rd2 Rxd2 28. Nxd2 Bf8 29. Qe8 Nd3 30. g3
$2 {30.Nf1!? Qe5 (30...Nxb2?? 31.N1e3 Qc5 32.Nxd5 +- et la faiblesse de la
case f7 assure le gain aux Blancs) 31.Qxe5 Nxe5 32.Nd4 =} 30... Qc5 {
30...Nxb2 (la c'est OK) 31.Nf3 Nd3 32.Kg2 -/+} 31. Ne3 Nxb2 32. Nf3 32... Nd3
{les Noirs ont une forte initiative 32...Qxc3? 33.Ne5 Kh7 34.Nd7 Bc5 35.Qxf7
Bxe3 36.Nf8+ Kh8 37.Ng6+ Kh7 38.Nf8+ =} 33. Qd8 {
33.Ne5 Nxe5 34.Qxe5 Qa3 35.Qxd5 Qxc3 -/+} 33... Qxc3 34. Qxd5 Qc6 35. Qf5 g6
36. Qg4 $2 {36.Qxd3 Qxf3 37.Qd4 Bg7 38.Qd8+ Kh7 -/+ et les Blancs peuvent
lutter pour la nulle} 36... h5 (36... Bc5 $142 {est plus facile pour les Noirs
} 37. Nd2 Bxe3 38. fxe3 Qc2 39. Ne4 (39. Qe2 Ne5 40. Kf1 40... Qxa2 $19) 39...
b5 $19) 37. Qd4 $17 37... Qxf3 38. Qxd3 Bc5 39. Qd5 Qxd5 40. Nxd5 a5 41. Kf1
Kf8 42. Ke2 Ke8 43. f3 Kd7 44. Nf6+ Ke6 45. Ne4 Be7 46. Kd3 {
#
une finale interessante que les Noirs peuvent jouer sans risque} 46... g5 (
46... b5 $5 {met en marche la majorite de P et limite le K blanc} 47. g4 {
les Noirs doivent garder des menaces sur les deux ailes, les Blancs doivent
simplifier la position car le N ne peut couvrir a la fois les deux cotes de
l'echiquier.} (47. Kd4 b4 48. Nf2 Kf5 49. Nd3 Bd6 50. g4+ Kg5 51. Kd5 Bg3 52.
Kc6 Kh4 53. Kb5 Kxh3 54. gxh5 gxh5 55. f4 Kg2 56. Ne5 h4 57. Kxa5 h3 58. Kxb4
58... h2 $19) 47... hxg4 (47... h4 48. Kd4 f5 49. Nf2 Bd8 (49... a4 50. Nd3 Kd6
51. gxf5 gxf5 52. Kc3 Kd5 53. Nf4+ Kc5 54. Nd3+ Kc6 55. Ne1 b4+ 56. Kc4 b3 57.
axb3 a3 58. Nc2 a2 59. f4 Kd6 60. b4 Bf6 61. b5 a1=Q 62. Nxa1 Bxa1 63. b6 Kc6
64. b7 Kxb7 65. Kd5 $11 {les Blancs prennent le Pf5 et peuvent laisser leur
deux P aux Noirs. Il suffit d'amener le K blanc en h1 pour obtenir la nulle
car le B noir ne controle pas la case de promotion du Ph noir}) 50. gxf5+ Kxf5
51. Nd3 Be7 52. Kd5 b4 53. Kc4 a4 54. Nxb4 (54. Kd4 $2 54... b3 $1 55. axb3 a3
56. Nc1 Kf4 57. Kc3 Kxf3 58. b4 g5 59. Nd3 Ke3 60. Ne1 g4 61. Nc2+ Ke4 62. hxg4
h3 63. Nxa3 63... h2 $19) 54... Bxb4 55. Kxb4 Kf4 56. Kxa4 Kxf3 57. Kb4 g5 58.
a4 g4 59. a5 g3 60. a6 g2 61. a7 g1=Q 62. a8=Q+ 62... Kg3 $11 {(Fritz indique
-+ car le Ph3 tombera forcement, mais les Noirs ne peuvent normalement pas
gagner avec leur P tour : le K noir ne pourra pas echapper aux echecs repetes
de la Q blanche. Nulle)}) 48. hxg4 b4 49. Nd2 a4 50. Nc4 Bc5 51. Nd2 Kd5 52.
Ne4 Bd4 53. g5 (53. Kc2 Be5 54. Kd3 f5 55. Nd2 b3 56. axb3 a3 57. b4 a2 58. Nb3
a1=Q 59. Nxa1 Bxa1 60. Ke3 60... Be5 $19) (53. Nd2 b3 54. a3 Bg7 55. f4 Kc5 56.
Ne4+ Kc6 57. Kc4 f5 58. gxf5 gxf5 59. Nd2 Bh6 60. Kb4 Bxf4 61. Nc4 Bc1 62. Kxa4
62... b2 $19) (53. f4 b3 54. a3 f5 55. gxf5 gxf5 56. Nd2 Kc5 57. Nc4 Bg7 58.
Ne3 Bb2 59. Nxf5 Bxa3 60. Kc3 Bb4+ 61. Kb2 (61. Kd3 a3 62. Nd4 b2 63. Nb3+ Kd5
64. Kc2 Kc4 65. Nc1 (65. f5 b1=Q+ 66. Kxb1 66... Kxb3 $19) 65... bxc1=Q+ 66.
Kxc1 Bd2+ 67. Kc2 Bxf4 68. Kb1 68... Kb3 $19 {
car le B controle la case de promotion}) 61... Kc4 62. Ne3+ Kd3 63. Nd5 Bc5 64.
f5 64... Kc4 $19) 53... b3 54. axb3 axb3 55. Nd2 b2 56. Kc2 Be5 57. Ne4 Kd4 58.
Kxb2 Ke3+ 59. Kc2 Kxf3 60. Nc5 Kg4 61. Nd3 Bg7 62. Kd2 Kxg5 63. Ke2 Kg4 64.
Nf2+ Kg3 65. Ne4+ Kg2 66. Ng5 f5 67. Nf3 Bf6 68. Ne1+ Kg3 69. Nd3 g5 70. Kf1 g4
71. Kg1 Kf3 72. Ne1+ (72. Kh1 Bc3 73. Kg1 g3 74. Kh1 g2+ 75. Kh2 f4 76. Nc1
76... Bd4 $19 {et gagne}) 72... Ke2 73. Ng2 Bg5 74. Kh1 f4 75. Kh2 75... Kf2
$19 {les Noirs gagnent}) 47. Nd2 {47.Kc4 ou 47.a4 sont preferables pour
immobiliser la majorite de P a l'aile dame} 47... b5 $6 {
>= 47...h4!? 48.gxh4 gxh4 -/+} 48. Nb3 $15 {les Blancs regagnent un P} 48...
Bd6 (48... Kd5 49. Nxa5 Bd6 50. g4 $15) (48... Bd6 49. g4 hxg4 50. hxg4 $15)
1/2-1/2

[Event "Principal 03/04"]
[Site "?"]
[Date "2004.01.10"]
[Round "5"]
[White "Nguyen, Patrick"]
[Black "Ferrero, Patrick"]
[Result "1/2-1/2"]
[WhiteElo "1860"]
[BlackElo "2014"]
[PlyCount "69"]
[EventDate "2004.??.??"]

1. e4 c5 2. Nf3 e6 3. c3 a6 4. d4 b5 5. Bd3 Bb7 6. O-O Nf6 7. Re1 d5 (7... cxd4
8. cxd4 Be7 9. Nc3 O-O 10. a3 d6 11. Qc2 Nfd7 12. Bf4 Re8 13. Rad1 Nf8 14. Qb3
Bc8 15. Bb1 Nbd7 16. e5 d5 17. g3 Nb6 18. h4 Nc4 19. Bc1 Bd7 20. Ne2 a5 21. Ng5
b4 22. Qf3 Bxg5 23. Bxg5 Qb6 24. Nf4 $1 Nxb2 25. Nh5 $3 Nxd1 26. Nxg7 Qxd4 27.
Rxd1 Qc3 28. Qf6 Qb3 29. Rf1 {1-0 Tukmakov,V-Sahovic,D/Bor 1983/MCD (29)}) 8.
e5 Nfd7 9. Nbd2 Nc6 10. Nf1 c4 {Les Noirs gagnent de l'espace} 11. Bc2 Be7 12.
Ng3 h5 13. Be3 g5 {13...h4 14.Ne2 =} 14. Qd2 {14.Nd2 h4 15.f4 +/=} g4 {
Les Noirs gagnent de l'espace} 15. Ng5 Nf8 16. f4 gxf3 17. Nxf3 Qc7 {
17...h4 18.Ne2 Rg8! (evite Bg5) 19.Rf1 +/=} 18. Bg5 $16 O-O-O {
18...b4 19.Rf1 bxc3 20.bxc3 h4 21.Ne2 h3 22.g3 +/-} 19. Rf1 h4 20. Ne2 Nh7 21.
Bxe7 Qxe7 22. Bxh7 $6 (22. Qh6 $5 h3 23. Bxh7 Rdg8 {(/\...Rg6)} 24. Nf4 hxg2
25. Rf2 f5 26. Rxg2 Rxg2+ 27. Kxg2 Rxh7 28. Qxe6+ Qxe6 29. Nxe6 $18) 22... Rxh7
$16 23. Ng5 Rg7 24. Nh3 Rdg8 25. Nef4 Qd8 {25...f6 26.exf6 Qxf6 27.Kh1 +/=} 26.
Rae1 Ne7 27. Re2 Nf5 28. Nh5 Rg6 29. Nf6 Rh8 30. Nf4 Rg7 31. Rf3 a5 32. N4h5
Rg6 33. Nf4 (33. b3 Rgh6 34. Nf4 Rxf6 (34... Bc6 35. Qe1 Qe7 36. Ng4 R6h7 37.
Ref2 Ng3 38. Nf6 Ne4 39. bxc4 Nxf2 (39... bxc4 40. Nxe4 dxe4 41. Re3 Qa3 42.
Qe2 $16) 40. cxb5 Bxb5 41. Nxh7 Ne4 42. Nf6 Nxf6 43. exf6 Qc7 $16) 35. exf6
Qxf6 $16) 33... Rg7 $18 34. N4h5 {>= 34.b3 Qb6 35.Ref2 (/\ N4xd5) Ne7 36.N4h5
Rg6 37.Rh3 Kd8 38.Rxh4 b4 39.Rh3 +/-} Rg6 35. Nf4 1/2-1/2

[Event "Principal 03/04"]
[Site "?"]
[Date "2004.01.10"]
[Round "5"]
[White "Vargin, Benjamin"]
[Black "Crapon, Laurent"]
[Result "1-0"]
[WhiteElo "1900"]
[BlackElo "1780"]
[PlyCount "43"]

1. e4 e5 2. Nf3 Nc6 3.
Bc4 Nf6 4. Ng5 d5 5. exd5 Na5 6. d3 h6 7. Nf3 7... Bg4 $6 {la meilleure suite
est 7...e4 8.Qe2 Nxc4 9.dxc4 Bc5 10.Nfd2 0-0 = et pour le P, les Noirs ont du
jeu} 8. h3 Bxf3 9. Qxf3 e4 10. Qe2 $14 10... Nxc4 11. dxc4 Bc5 12. Be3 Bxe3
13. Qxe3 O-O 14. Nc3 Re8 15. O-O Qd7 16. g4 {16.Rfe1!? a6 (sinon Nb5) 17.Qd4
Qf5 18.Re3 Rad8 19.Rae1 c6 20.Nxe4 Nxe4 21.Rxe4 Rxe4 22.Qxe4 Qxe4 23.Rxe4 cxd5
24.Rd4 Rc8 +- la finale de R est difficile pour les Noirs, mais jouable en
esperant la nulle} 16... Re7 17. g5 {
>= 17.Rad1!? a6 18.c5 Rae8 19.Rd2 Qd8 20.Rfd1 Rd7 +/-} 17... hxg5 $11 18.
Qxg5 18... Nh7 {
>= 18...Qxh3!? (/\...Ng4) 19.Qg2 Qh6 20.Rae1 Rae8 21.Re3 Re5 =/+} 19. Qg3 $14
19... Rf8 20. d6 {20.Rfe1!? f5 +/-} 20... cxd6 {>= 20...Re6 (/\...Rg6) 21.
Nd5 Rfe8 22.Qe3 Rg6+ 23.Kh1 Rh6 24.Kg2 Qxd6 25.Rad1 c6 -/+} 21. Rad1 $4 {
>= 21.Kh2 est la meilleure option f5 22.Nd5 Ref7 =} 21... Qc7 $4 {
dommage, la victoire etait en vue} (21... Re6 $142 {
donne aux Noirs un clair avantage} 22. Qe3 Rg6+ 23. Kh2 23... Ng5 {(/\...Nf3+)}
24. f4 (24. Nxe4 Re8 25. Rd4 25... Rh6 $19) 24... exf3 25. Rxf3 Re8 26. Qd3
Nxf3+ 27. Qxf3 27... Qc7 $19) 22. Nd5 $18 (22. Nd5 Qd7 23. Nxe7+ Qxe7 24. Qxd6
$18) (22. Rxd6 $2 22... Qxc4 23. Rfd1 23... Rfe8 $11) 1-0

[Event "Principal 03/04"]
[Site "?"]
[Date "2004.01.10"]
[Round "5"]
[White "Battaglia, Gerard"]
[Black "Zejneli, Skender"]
[Result "1-0"]
[WhiteElo "2040"]
[BlackElo "2100"]
[PlyCount "79"]

1. d4 Nf6 2. c4 e6 3. Nf3 c5 4. d5 b5 5. cxb5
(5. Bg5 {est le coup conseille par Fritz} 5... Qa5+ 6. Qd2 Qxd2+ 7. Nbxd2 bxc4
8. Bxf6 gxf6 9. e4 f5 10. Bxc4 Bb7 11. O-O Bh6 12. Rfe1 12... O-O $14) ({ou} 5.
dxe6 5... fxe6 6. cxb5 d5 7. Nc3 $14 {
et au prix d'un P, les Noirs ont pris le centre}) 5... Nxd5 (5... exd5 6. e3
Be7 7. Be2 Bb7 8. O-O O-O 9. Nc3 d6 10. b3 $11 {
1-0 Savon,V-Popov,V/Orel 1994/CBM 42 (42)}) 6. e4 Nf6 7. Nc3 Bb7 8. Bg5 8...
Be7 {8...h6 9.Bxf6 Qxf6 10.Bd3 =} 9. Bxf6 {9.e5 Nd5 10.Bxe7 Nxe7 (10...
Qxe7? 11.Ne4 0-0 12.Nd6 +-) 11.Bd3 +/= preparant Be4 et l'echanges des B} 9...
Bxf6 $11 10. e5 Be7 11. Bd3 d5 12. exd6 Bxd6 13. O-O Nd7 14. Ne4 Be7 15. Qc2
Rc8 16. Rfd1 Qc7 17. a4 Nf6 18. a5 {18.Nxf6+ Bxf6 19.Nd2 Be5 20.h3 =} 18...
Bd5 (18... c4 $5 19. Nxf6+ Bxf6 20. Be2 O-O 21. Nd2 Bd5 22. Ra4 Qb7 23. Nxc4
Bxg2 24. Qb3 Bd5 25. b6 Bxc4 26. Rxc4 Rxc4 27. Qxc4 axb6 28. a6 Qe7 29. b4
29... Be5 $15 {Les Noirs ont un P de plus, mais les Blancs ont du contre-jeu})
19. Nfd2 $11 19... Qb8 20. Qa4 {20.Nxf6+ Bxf6 21.Ra4 h6 =} 20... Nd7 {
20...0-0 21.Nc3 Rfd8 =/+} 21. Nc4 O-O 22. Qc2 (22. b6 Bxc4 23. Bxc4 Nf6 24.
Ba6 Rcd8 25. bxa7 (25. b7 25... Qc7 $11) 25... Qxa7 26. Bd3 $11) 22... Ne5 {
Mais pas 22...Qxb5? 23.Ned6 Bxd6 24.Nxd6 +/- gagnant la qualite} 23. Nxe5
Qxe5 24. Ng3 {24.Nc3 g6 =} 24... g6 $15 {Securise f5} 25. Be4 f5 26. Bxd5
exd5 27. b6 {27.Re1 Qd6 28.Rad1 =/+ et les Blancs font pression sur les pions
pendants des Noirs} 27... axb6 28. axb6 Rb8 29. Re1 Qd6 30. Ra7 30... Bd8 {#}
31. b7 (31. Qa4 $5 {semble etre une alternative viable (/\ Rd7 ou Re8)} 31...
f4 (31... Rxb6 32. Rd7 Ra6 33. Qb5 Qc6 34. Qxc6 Rxc6 35. Rxd5 c4 36. Rb5 36...
Bf6 $15) 32. Nf1 f3 33. g3 33... Bf6 $17) 31... Bb6 $17 {
Apres quelques coups imprecis des Blancs, les Noirs ont pris l'initiative} 32.
Ra6 {32.Ra4 -/+ est meilleur} 32... Rxb7 33. Qa4 {33.Rd1 Rd8 -+} 33... Kf7
(33... f4 $5 34. Nf1 f3 35. Re8 35... c4 $1 (35... fxg2 36. Ne3 Rxe8 37. Qxe8+
Kg7 38. Qc8 $17) 36. Ne3 Rxe8 37. Qxe8+ Kg7 38. gxf3 Rb8 39. Qb5 Bxe3 40. fxe3
Qxh2+ 41. Kxh2 41... Rxb5 $19) 34. Qh4 {
34.b3!? -/+ gene la poussee ...c4 des Noirs} 34... Kg7 $19 35. Qg5 {
35.Ne2 Re8 36.Qa4 Re4 37.Qd1 c4 (/\...Bxf2+) 38.Ra2 Qe5 -+} 35... c4 $1 36.
Kf1 Kh8 (36... f4 {semble mieux} 37. Ne2 f3 38. Ng3 fxg2+ 39. Kxg2 Rxf2+ 40.
Kh1 h6 41. Qg4 Re7 42. Rxe7+ Qxe7 43. Ra1 43... d4 $19) 37. Re2 {
37.Qd2 Qc5 -+} 37... d4 38. Qc1 {38.Qd2 d3 -+} 38... d3 39. Rd2 39... Qb4 {
39...Qf4!? peut etre le plus court chemin (/\...Bc5 et ...Bb4 soutenant le Pd)
40.Rxb6 Rxb6-+} 40. Rd1 {les Noirs perdent au temps dans une position gagnante
} (40. Rd1 Bd4 41. Rc6 Qxb2 42. Qxb2 Rxb2 43. Nh1 43... Rc2 $19) (40. Kg1 Bd4
41. Nf1 Bxb2 42. Rxb2 Qxb2 43. Qxc4 43... Rd8 $19) 1-0

[Event "Principal 03/04"]
[Site "?"]
[Date "2004.01.10"]
[Round "5"]
[White "Chauvet, Jean-Marc"]
[Black "Cortes, Antoine"]
[Result "0-1"]
[WhiteElo "2020"]
[BlackElo "2118"]
[PlyCount "82"]

1. e4 c5 2. Nf3 Nc6 3. d4 cxd4 4.
Nxd4 Nf6 5. Nc3 d6 6. Bg5 e6 7. Bb5 {
on joue plutot 7.Qd2 a6 8.0-0-0 h6 9.Be3 Be7 10.f4 +/=} 7... Bd7 8. Qd2 Be7
9. f4 {9.0-0 h6 10.Be3 Ng4 =} 9... O-O {ou 9...Nxd4 10.Qxd4 Bxb5 11.Nxb5
Qa5+ 12.Nc3 h6 13.Bh4 Nxe4 14.Bxe7 Nxc3 15.Bxd6 Nb5+ 16.Qb4 Qxb4 17.Bxb4 =}
10. O-O {10.Bxc6 Bxc6 11.0-0-0 Rc8 (11...Nxe4?? 12.Nxc6 +- ; 11...Bxe4?? 12.
Bxf6 +-) 12.Rhe1 =} 10... Nxd4 ({
Fritz propose de sacrifier la Q pour 3 pieces mineures :} 10... Qb6 11. Rad1 e5
12. Bxf6 Nxd4 13. Kh1 Bxb5 14. Nd5 Bxf6 (14... Qc5 15. Nxe7+ Kh8 16. Bxg7+ Kxg7
17. fxe5 Qxe5 18. Nf5+ Kh8 19. Nxd4 Bxf1 20. Rxf1 Qxe4 21. Nb5 d5 22. Nd6 Qe5
23. Nxb7 Qxb2 24. Qxd5 Rae8 25. Nd6 25... Re6 $15) (14... Qd8 $2 15. Bxe7 Qd7
16. Bxf8 Bxf1 17. Bxg7 Kxg7 18. fxe5 $18) 15. Nxb6 axb6 16. Rf2 $17 {
et les Noirs ont N+2B contre la Q}) 11. Qxd4 $11 11... Bxb5 12. Nxb5 a6 13. Nc3
Qc7 14. Kh1 b5 15. Rae1 Rfd8 16. f5 b4 17. Nd1 (17. Qxb4 Rab8 18. Qd4 e5 (18...
Rxb2 $143 19. fxe6 fxe6 20. Nd5 exd5 21. Qxb2 $18) 19. Qd3 Rxb2 20. Bxf6 Bxf6
21. Rb1 Rxb1 22. Rxb1 $14 {avec un magnifique avant-poste en d5 pour le N})
17... e5 (17... Rac8 18. fxe6 fxe6 19. Qxb4 $11 19... d5 20. Qb3 Nxe4 21. Rxe4
Rf8 (21... Bxg5 22. Rxe6 Qxc2 23. Qb7 23... Bf6 $11) 22. Nf2 (22. Rfe1 dxe4 23.
Qxe6+ Rf7 24. Bxe7 Re8 25. Qxa6 Qxe7 26. Qc4 Qd6 27. Ne3 $15 {
mais attention a la maree de P blancs}) 22... dxe4 23. Qxe6+ Kh8 24. Qxe7 Qb6
25. Kg1 Rfe8 26. Qd7 e3 27. Bh4 Rf8 (27... exf2+ 28. Bxf2 Qb5 29. Qxb5 axb5 30.
c3 Re2 31. Bd4 Rxb2 32. Rf7 Rg8 33. Ra7 $15) 28. Nd3 e2+ 29. Rf2 Qe3 30. h3
e1=Q+ 31. Nxe1 Qxe1+ 32. Kh2 Qe5+ 33. Bg3 Qxb2 34. c4 $15) 18. Qd3 $11 {
18.Qxb4 Qxc2 19.Ne3 Qd3 +/=} 18... Ng4 19. Bc1 Rac8 20. c3 ({Pas} 20. Qxa6 $2
20... Qxc2 21. Ne3 Qxe4 22. Nxg4 22... Qxg4 $19) 20... Qb7 21. Qg3 {
21.c4 Nf6 =} 21... Nf6 22. Bh6 Bf8 23. Bg5 Be7 (23... Nxe4 24. Qf3 f6 25.
Bxf6 gxf6 26. Rxe4 (26. Qxe4 $143 26... Qxe4 27. Rxe4 27... d5 $17) 26... d5
27. Rg4+ Kh8 28. Qg3 Be7 29. Qh4 Rg8 30. Rg6 $11) 24. Bh6 (24. Bxf6 Bxf6 25.
Ne3 25... Rc5 $14 (25... Qxe4 $2 {ne mene a rien} 26. Ng4 Qc4 27. Nxf6+ Kh8 28.
Nxh7 $3 28... f6 (28... Kxh7 29. f6 Rg8 30. Qh3+ Kg6 31. Rf3 Qf4 (31... Qe6 32.
Qh4 $18) 32. Rxf4 $18) 29. Qh3 Kg8 30. Rf3 Rc7 31. Rg3 Rf7 32. Qh6 bxc3 33.
bxc3 Qxa2 34. Nxf6+ Kf8 35. Nh7+ Ke7 36. Rxg7 36... Kd7 $18)) 24... Bf8 $11 25.
Bg5 25... Nxe4 {#} 26. Rxe4 (26. Qf3 $142 $5 {merite de la consideration} 26...
f6 27. Bxf6 gxf6 28. Rxe4 (28. Qxe4 $143 28... Qxe4 29. Rxe4 bxc3 30. bxc3 d5
31. Rg4+ 31... Kf7 $17) 28... d5 29. Qg3+ Kh8 30. Rg4 $11) 26... Qxe4 $17 27.
Bxd8 Rxd8 28. f6 28... bxc3 {28...g6!? 29.cxb4 Qxb4 30.Qe1 Qb5 -/+} 29. Nxc3
$15 29... Qg6 {les Noirs prennent l'avantage} 30. fxg7 Bxg7 31. Qh4 Rb8 32. Nd5
Qd3 33. Nf6+ (33. Ne7+ Kh8 (33... Kf8 $5 34. Qf2 f6 35. Rg1 Rb7 36. Nf5 $15)
34. Rg1 Re8 (34... Rxb2 $6 35. Ng6+ Qxg6 36. Qd8+ Bf8 37. Qxf8+ Qg8 38. Qxd6
$11) 35. Qg4 (35. b3 $6 35... h6 36. Nc6 d5 37. Qf2 Qb5 38. Rc1 Re6 39. Qa7
39... Kh7 $19) 35... e4 36. Nf5 Bxb2 37. Rd1 Rg8 38. Rxd3 Rxg4 39. Rxd6 Rg5 40.
Rd8+ Rg8 41. Rxg8+ Kxg8 42. Kg1 Bc1 43. Kf2 $11) 33... Kh8 $17 34. Rc1 Qg6 35.
Nd7 Rg8 36. Re1 Qe6 37. Qa4 Rd8 38. Nb6 d5 39. Qxa6 Rb8 40. Qa7 $2 {perd une pi
ece sur 40.Rc1 e4 (40...Qxb6 41.Rc8+ Bf8 42.Rxf8+ Kg7 43.Qxb6 Rxb6 -+ est
aussi sans espoir) 41.Rc8+ Rxc8 42.Qxc8 Qxc8 43.Nxc8 Bxb2 -+ les Blancs
peuvent abandonner} 40... Qxb6 41. Qxf7 d4 0-1